Going on Wheels

Bibliographic Details
Main Author: Althea
Format: Book
Language:English
Published: London : Sovenir Publication , 1985
Series:Althea's Brightstart Books
Subjects:

MARC

LEADER 00000cam a2200000 7i4500
001 0000034708
005 20111124.0
008 111124 eng
020 |a 0285620460 
090 0 0 |a J 028.5 SER 
100 1 |a Althea 
245 1 0 |a Going on Wheels   |c Althea 
260 |a London :   |b Sovenir Publication ,   |c 1985 
300 |a 18p :   |b col.ill ;   |c 18cm. 
440 0 |a Althea's Brightstart Books 
650 0 0 |a Reading,Children and Young Adult 
999 |a 0000416144   |b Buku   |c Koleksi Pinjaman Kanak-Kanak   |e Perpustakaan Cawangan Jasin 
999 |a 31097   |b Buku   |c Koleksi Pinjaman Kanak-Kanak   |e Perpustakaan Cawangan Masjid Tanah 
999 |a 34562   |b Buku   |c Koleksi Pinjaman Kanak-Kanak   |e Perbadanan Perpustakaan Awam Melaka